"Man kann ein Ideal nicht verraten ...;"
| Titel: | "Man kann ein Ideal nicht verraten ...;" : Werner Naumann - NS-Ideologie und politische Praxis in der frühen Bundesrepublik / Günter J. Trittel |
|---|---|
| Verfasser: | |
| Veröffentlicht: | Göttingen : Wallstein, 2013 |
| Umfang: | 347 Seiten : Illustrationen ; 23 cm |
| Format: | Buch |
| Sprache: | Deutsch |
| RVK-Notation: |
·
·
·
·
·
|
| ISBN: | 9783835313002 |
| Hinweise zum Inhalt: |
Inhaltstext
Inhaltsverzeichnis |
alg: 32630263 001A $06000:25-07-13 001B $03025:24-02-26 $t13:21:49.000 001D $00026:29-08-13 001U $0utf8 001X $00 002@ $0Aau 002C $aText $btxt $2rdacontent 002D $aohne Hilfsmittel zu benutzen $bn $2rdamedia 002E $aBand $bnc $2rdacarrier 003@ $0326302638 004A $A978-3-8353-1300-2 $fPp. : EUR 39.90 (DE), EUR 41.10 (AT), sfr 51.90 (freier Pr.) 004K $09783835313002 006G $01033970441 006H $0TOCNEUA1330 $2DNB 006T $013,N18 006U $013,A30 $f20130426 007A $01033970441 $aDNB 007G $0DE008837E59BFB2BADBD6C1257C0400421591 007T $0FBauInsta0007772 009P $qtext/html $A2 $3Inhaltstext $uhttp://deposit.dnb.de/cgi-bin/dokserv?id=4307186&prov=M&dok_var=1&dok_ext=htm $mX:MVB 009P $qapplication/pdf $A2 $3Inhaltsverzeichnis $uhttp://scans.hebis.de/HEBCGI/show.pl?32630263_toc.pdf $mV:DE-603;B:DE-17 010@ $ager 011@ $a2013 013D $RBiograf $RLebenslauf $RBiografik $#Biography $#Biography as a literary form $#Biographies $#Biografie $#Biografía $#biographies $#Biographie $#Biographie $#Biographie $#Biographisches Nachschlagewerk $#Lebensbeschreibung $#Berühmte Persönlichkeit Biografie $#Biografisches Nachschlagewerk $74006804-3 $8Biografie [Tsz] $9085010375 $y1909-1953 017A $asf 021A $a"Man kann ein Ideal nicht verraten ...;" $dWerner Naumann - NS-Ideologie und politische Praxis in der frühen Bundesrepublik $hGünter J. Trittel 028A $BVerfasser $4aut $71037082230 $8Trittel, Günter J.$Z1941-2021 [Tp3] $9325479771 033A $pGöttingen $nWallstein 034D $a347 Seiten 034I $a23 cm 034M $aIllustrationen 037A $aLiteraturverzeichnis Seite 334-343 039U $aRezension in $8--Oox--. Günter J. Trittel, „Man kann ein Ideal nicht verraten…“. Werner Naumann – NS-Ideologie und politische Praxis in der frühen Bundesrepublik. Göttingen, Wallstein 2013. - Jena : Friedrich-Schiller-Universität Jena, 2015. - 1 Online-Ressource (3 Seiten). - DOI 10.1515/hzhz-2015-0090. - urn:nbn:de:gbv:27-dbt-20221118-033433-006 $9514690771 044K $qDNB $#Naumann, Werner $7124730884 $8Naumann, Werner$Z1909-1982 [Tp1] $9111990238 044K $qDNB $RFreie Demokratische Partei $#Landesverband Nordrhein-Westfalen $#Freie Demokratische Partei Nordrhein-Westfalen $#FDP-Landesverband Nordrhein-Westfalen $#F.D.P. Landesverband NRW $#FDP Nordrhein-Westfalen $#Freie Demokraten Nordrhein-Westfalen $72038618-7 $8Freie Demokratische Partei$bLandesverband Nordrhein-Westfalen [Tb1] $9042899117 044K $qDNB $RNationalsozialismus $RNationalsozialistin $#Nazis $#Nationaux-socialistes $#Nazisti $#Nazis $#Nationalsozialisten $#Nazi $74126114-8 $8Nationalsozialist [Ts1] $9085427942 044K $qDNB $RUmkreis $RFreund $#Friendship $#Amis et relations $#Bekanntenkreis $74132270-8 $8Freundeskreis [Ts1] $9085475157 044K $qDNB $REingliederung $#Absorption $#Intégration $#integration $#Integration $#Integration $#Integration $74027238-2 $8Integration [Ts1] $9085069124 044K $qDNB $#Affaire $#Affären $74288464-0 $8Affäre [Ts1] $9086562355 044N $aPraxis 045E $c320 $c943 045F $a320.533094309045 $eDDC22ger 045F/01 $a320.533 045F/03 $f09045 045F/03 $g43 045R $aGeschichte 1949-1953 045Z $8MG 15355 [Tkv] $9410456209 045Z $8MG 15385 [Tkv] $9410456381 045Z $8MG 23355 [Tkv] $9410473162 045Z $8MG 23385 [Tkv] $9410473340 045Z $8NQ 6140 [Tkv] $9410916706 045Z $8NR 3450 [Tkv] $9410922471 lok: 32630263 8 exp: 32630263 8 1 #EPN 201B/01 $005-05-23 $t19:05:45.000 201C/01 $029-08-13 201U/01 $0utf8 203@/01 $0699905311 208@/01 $a14-10-13 $bz 209A/01 $a/NQ 6140 T839 $du $f001 $x00 209G/01 $a18647214 $x00 209G/01 $a1. Obergeschoss $x01 247C/01 $8611001-0 <17/1>Darmstadt, TU Darmstadt, Universitäts- und Landesbibliothek - Schloss $9102595887 lok: 32630263 78 exp: 32630263 78 1 #EPN 201B/01 $027-07-23 $t17:05:13.000 201C/01 $027-07-23 201U/01 $0utf8 203@/01 $01240241186 208@/01 $a27-07-23 $be 209A/01 $a/ $f000 $x00 209A/01 $ab*p $x01 220C/01 $apgar 244Z/01 $#Schlesien $#Schlesien $#Herzogtum Schlesien $#Herzogtum Schlesien Schlesien $#Provinz Schlesien $#Śla̜sk $#Slezsko $#Silesia $74052678-1 $8--Tg1--Schlesien $x02 $9085146781 247C/01 $82080>Marburg/Lahn, Herder-Institut, Forschungsbibliothek, Bibliographieportal $9336309341 lok: 32630263 106 101B $012-09-18 $t20:14:14.000 101C $012-09-18 101U $0utf8 144Z/01 $aRechtsradikalismus 144Z/02 $aNeonazismus 144Z/03 $aNaumann, Werner 145Z/01 $aNachkriegsdeutschland/Bundesrepublik Deutschland exp: 32630263 106 1 #EPN 201B/01 $012-09-18 $t20:14:14.000 201C/01 $012-09-18 201U/01 $0utf8 203@/01 $01029784051 208@/01 $a10-09-18 $br 209A/01 $aW 02 159 $ds $f000 $hW 02 0159 $x00 209C/01 $a12615 247C/01 $82508>Frankfurt/M., Bibliothek des Fritz Bauer Instituts zur Geschichte und Wirkung des Holocaust $9403831741 lok: 32630263 204 exp: 32630263 204 1 #EPN 201B/01 $006-09-13 $t16:55:47.000 201C/01 $007-08-13 201U/01 $0utf8 203@/01 $0698938720 208@/01 $a29-08-13 $bzUB 209A/01 $a000 NQ 6140 T839 $du $f000 $x00 209G/01 $a61578919 $x00 245S/01 $a10000 $x01 247C/01 $8631000-x <26>Gießen, Universität Gießen, Universitätsbibliothek Gießen $9102596697
| LEADER | 00000cam a2200000 c 4500 | ||
|---|---|---|---|
| 001 | 326302638 | ||
| 003 | DE-603 | ||
| 005 | 20260224132149.0 | ||
| 007 | tu | ||
| 008 | 130725s2013 xx |||| | u00||u|ger | ||
| 015 | |a 13,A30 |z 13,N18 |2 dnb | ||
| 016 | 7 | |2 DE-101 |a 1033970441 | |
| 020 | |a 9783835313002 |c Pp. : EUR 39.90 (DE), EUR 41.10 (AT), sfr 51.90 (freier Pr.) | ||
| 024 | 3 | |a 9783835313002 | |
| 035 | |a (DE-599)DNB1033970441 | ||
| 040 | |a DE-603 |b ger |c DE-603 |d DE-603 | ||
| 041 | |a ger | ||
| 082 | 0 | 4 | |8 1\u |a 320.533094309045 |q DE-101 |2 22/ger |
| 084 | |a 320 |a 943 |q DE-101 |2 sdnb | ||
| 084 | |a MG 15355 |0 (DE-625)122818:12111 |0 (DE-603)410456209 |2 rvk | ||
| 084 | |a MG 15385 |0 (DE-625)122818:12129 |0 (DE-603)410456381 |2 rvk | ||
| 084 | |a MG 23355 |0 (DE-625)122826:12111 |0 (DE-603)410473162 |2 rvk | ||
| 084 | |a MG 23385 |0 (DE-625)122826:12129 |0 (DE-603)410473340 |2 rvk | ||
| 084 | |a NQ 6140 |0 (DE-625)128699: |0 (DE-603)410916706 |2 rvk | ||
| 084 | |a NR 3450 |0 (DE-625)129262: |0 (DE-603)410922471 |2 rvk | ||
| 085 | |8 1\u |b 320.533 | ||
| 085 | |8 1\u |z 1 |s 09045 | ||
| 085 | |8 1\u |z 2 |s 43 | ||
| 090 | |a b | ||
| 100 | 1 | |a Trittel, Günter J. |d 1941-2021 |e Verfasser |4 aut |0 (DE-603)325479771 |0 (DE-588)1037082230 |2 gnd | |
| 245 | 0 | 0 | |a "Man kann ein Ideal nicht verraten ...;" |b Werner Naumann - NS-Ideologie und politische Praxis in der frühen Bundesrepublik |c Günter J. Trittel |
| 264 | 1 | |a Göttingen |b Wallstein |c 2013 | |
| 300 | |a 347 Seiten |b Illustrationen |c 23 cm | ||
| 336 | |a Text |b txt |2 rdacontent | ||
| 337 | |a ohne Hilfsmittel zu benutzen |b n |2 rdamedia | ||
| 338 | |a Band |b nc |2 rdacarrier | ||
| 500 | |a Literaturverzeichnis Seite 334-343 | ||
| 600 | 1 | 7 | |a Naumann, Werner |d 1909-1982 |0 (DE-588)124730884 |0 (DE-603)111990238 |2 gnd |
| 610 | 1 | 7 | |a Freie Demokratische Partei |b Landesverband Nordrhein-Westfalen |2 gnd |0 (DE-588)2038618-7 |0 (DE-603)042899117 |
| 648 | 7 | |a Geschichte 1949-1953 |2 gnd | |
| 650 | 7 | |a Nationalsozialist |0 (DE-588)4126114-8 |0 (DE-603)085427942 |2 gnd | |
| 650 | 7 | |a Freundeskreis |0 (DE-588)4132270-8 |0 (DE-603)085475157 |2 gnd | |
| 650 | 7 | |a Integration |0 (DE-588)4027238-2 |0 (DE-603)085069124 |2 gnd | |
| 650 | 7 | |a Affäre |0 (DE-588)4288464-0 |0 (DE-603)086562355 |2 gnd | |
| 655 | 7 | |a Biografie |y 1909-1953 |2 gnd-content |0 (DE-588)4006804-3 |0 (DE-603)085010375 | |
| 787 | 0 | 8 | |i Rezension in |t Günter J. Trittel, „Man kann ein Ideal nicht verraten…“. Werner Naumann – NS-Ideologie und politische Praxis in der frühen Bundesrepublik. Göttingen, Wallstein 2013 |d Jena : Friedrich-Schiller-Universität Jena, 2015 |h 1 Online-Ressource (3 Seiten) |o 10.1515/hzhz-2015-0090 |o urn:nbn:de:gbv:27-dbt-20221118-033433-006 |w (DE-603)514690771 |
| 856 | 4 | 2 | |m X:MVB |q text/html |u http://deposit.dnb.de/cgi-bin/dokserv?id=4307186&prov=M&dok_var=1&dok_ext=htm |3 Inhaltstext |
| 856 | 4 | 2 | |m V:DE-603;B:DE-17 |q application/pdf |u http://scans.hebis.de/HEBCGI/show.pl?32630263_toc.pdf |3 Inhaltsverzeichnis |
| 924 | 0 | |9 17/1 |a (DE-603)699905311 |b DE-17-1 |c HES |d b |g /NQ 6140 T839 |h 1. Obergeschoss | |
| 924 | 0 | |9 2080 |a (DE-603)1240241186 |b DE-2080 |c HES |d d |g / | |
| 924 | 0 | |9 2508 |a (DE-603)1029784051 |b DE-2508 |c HES |d d |g W 02 159 | |
| 924 | 0 | |9 26 |a (DE-603)698938720 |b DE-26 |c HES |d c |g 000 NQ 6140 T839 | |


